Escola d'Arts i Oficis de Terrassa
Descripción Física:
22 p. ; 20 cm
Otros Autores:
Escola d'Arts i Oficis (Terrassa)
Materias:
Escola d'Arts i Oficis (Terrassa)
MARC
| LEADER | 00000nam a2200000Ia 4500 | ||
|---|---|---|---|
| 001 | 22229 | ||
| 008 | 160829s1931 xx 000 0 cat d | ||
| 080 | |a 4234, exp. 119 | ||
| 245 | |a Escola d'Arts i Oficis de Terrassa | ||
| 260 | |a Terrassa : |b Gràfics Joan Morral, |c 1931 | ||
| 300 | |a 22 p. ; |c 20 cm | ||
| 650 | |a Escola d'Arts i Oficis (Terrassa) |9 48252 | ||
| 700 | |a Escola d'Arts i Oficis (Terrassa) |9 48252 | ||
| 901 | |a Arxiu | ||
| 942 | |n 1 | ||
| 952 | |0 0 |1 0 |4 0 |6 4234_EXP_119 |7 1 |9 54423 |a Arxiu |b Arxiu |d 2016-12-01 |l 0 |o 4234, exp. 119 |p 22229 |r 2016-12-01 00:00:00 |w 2016-12-01 |y ARXIU | ||
| 999 | |c 58292 |d 58292 | ||